| 000 | 00604nam a2200205 u 4500 | ||
|---|---|---|---|
| 005 | 20220603063655.0 | ||
| 008 | 080523s2006 es r 000 0 spa d | ||
| 020 | _a842418775X | ||
| 035 | _aUPN01000156237 | ||
| 049 | _aI | ||
| 050 | 4 |
_aPZ71 _bC3.67 |
|
| 100 | 1 |
_aCanetti, Yanitzia, _d1967- _932364 |
|
| 245 | 1 | 3 |
_aEl príncipe azul / _cYanitzia Canetti ; il. Fernando Noriega. |
| 260 |
_aLeón, Esp. : _bEverest, _c[2006]. |
||
| 300 |
_a32 p. : _bprincipalmente il. col. |
||
| 650 | 4 |
_aCuentos infantiles _96744 |
|
| 650 | 4 |
_aCOLORES _96786 |
|
| 700 | 1 |
_aNoriega, Fernando, _eil. |
|
| 905 | _aInfantil | ||
| 999 |
_c128351 _d128351 |
||